00704nam a2200217Ia 4500001002200000003000900022008004100031040002300072041001300095100002300108240003700131245002900168250001500197260002600212300001900238490004100257500002500298501012400323520000900447700003000456937-FLO lu ep (17229)IT-MiSPE171229s9999||||xx |||||||||||||| ||und|| aIT-MiSPEcIT-MiSPE aITALIANO aLucio Anneo Floro  aEpithome bellorum omnium annorum 0aEpitome di storia romana a1a ed. (v) aMilanobRusconic1981 a462 p. c22 cm aClassici di storia: Greco-romanav14 aRoma - Storia antica aEdizioni San Paolo srl - Piazza Soncino, 5 - 20092 CINISELLO BALSAMO (MI) (non commercial uses only) ® Copyright 2018 aTav. aEleonora Salomone Gaggero